El conde Lucanor /
Gardado en:
| Autor Principal: | |
|---|---|
| Outros autores: | |
| Formato: | Libro |
| Idioma: | Lingua castelá |
| Publicado: |
Zaragoza, España :
Ebro,
1962, c1962
|
| Edición: | 8a edición |
| Series: | (Biblioteca Clásica Ebro ;
6) |
| Temas: | |
| Etiquetas: |
Sen Etiquetas, Sexa o primeiro en etiquetar este rexistro!
|
MARC
| LEADER | 00000nam^a2200000^a^4500 | ||
|---|---|---|---|
| 001 | 000156742 | ||
| 005 | 20250521000000.0 | ||
| 009 | 20260310100514.934 | ||
| 037 | |a Acervo ITESO - Biblioteca | ||
| 041 | |a ESP | ||
| 082 | |a 863. |b JUA | ||
| 100 | |a Juan Manuel, |c Infante |e (autor) | ||
| 240 | 1 | 3 | |a [El conde Lucanor] |
| 245 | 1 | 3 | |a El conde Lucanor / |c Infante Don Juan Manuel ; ed., estudio y notas de A. González Palencia. |
| 250 | |a 8a edición | ||
| 264 | 4 | |a Zaragoza, España : |b Ebro, |c 1962, c1962 | |
| 300 | |a 133 p. | ||
| 336 | |a texto |b txt |2 rdacontenido | ||
| 337 | |a sin mediación |b n |2 rdamedio | ||
| 338 | |a volumen |b nc |2 rdasoporte | ||
| 440 | 1 | |a (Biblioteca Clásica Ebro ; |v 6) | |
| 649 | |a XX | ||
| 650 | |a Cuentos Españoles | ||
| 650 | |a Literatura Española - |y Siglo XIV | ||
| 650 | |a Literatura Medieval - |z España | ||
| 650 | |a Literatura Didáctica - |z España | ||
| 650 | |a Literatura y Etica | ||
| 650 | |a Religión y Literatura | ||
| 650 | |a España - |x Historia - |y Período Arabe, 711-1492 | ||
| 700 | |a González Palencia, Angel |e (edición, estudio y notas) | ||
| 910 | |a Fondo Salvador Reynoso Reynoso | ||
| 920 | |a Impresos - Libros | ||
| 930 | |a Fondos Especiales | ||
| 940 | |a Literatura | ||
| 905 | |a 112 | ||
| 901 | |a 0800016238 |b IT2 |c ESP |u 20250521 | ||
| 902 | |a https://opac.biblio.iteso.mx/vufind/Record/000156742 | ||